Southville International School and Colleges
Your cart is empty.
  • Cart
  • Lists
    Public lists Eva Luna New books Lux_list list_1
    Your lists Log in to create your own lists
  • Log in to your account
  • Your cookies
  • Search history
Southville International School and Colleges
  • Advanced search
  • Recent comments
  • Most popular
  • Libraries

Log in to your account

Log in with GOOGLE


If you do not have an external account, but do have a local account, you can still log in:

  1. Home
  2. MARC view: Raising kids with a faith that lasts participants guide /
Normal view MARC view ISBD view

Raising kids with a faith that lasts participants guide / (Record no. 339785)

[ view plain ]
MARC details
000 -LEADER
fixed length control field 00653nam a2200253Ia 4500
008 - FIXED-LENGTH DATA ELEMENTS--GENERAL INFORMATION
fixed length control field 170711s9999 xx 000 0 und d
020 ## - INTERNATIONAL STANDARD BOOK NUMBER
International Standard Book Number 9781589975682
050 ## - LIBRARY OF CONGRESS CALL NUMBER
Classification number 649.1
050 ## - LIBRARY OF CONGRESS CALL NUMBER
Item number F652 2011
100 ## - MAIN ENTRY--PERSONAL NAME
Personal name Focus on the Family.
245 ## - TITLE STATEMENT
Title Raising kids with a faith that lasts participants guide /
245 ## - TITLE STATEMENT
Statement of responsibility, etc by Focus on the Family.
260 ## - PUBLICATION, DISTRIBUTION, ETC. (IMPRINT)
Place of publication, distribution, etc USA :
260 ## - PUBLICATION, DISTRIBUTION, ETC. (IMPRINT)
Name of publisher, distributor, etc Tyndale,
260 ## - PUBLICATION, DISTRIBUTION, ETC. (IMPRINT)
Date of publication, distribution, etc 2011
300 ## - PHYSICAL DESCRIPTION
Extent 75 pages :
300 ## - PHYSICAL DESCRIPTION
Other physical details illustrations ;
300 ## - PHYSICAL DESCRIPTION
Dimensions 21cm.
650 ## - SUBJECT ADDED ENTRY--TOPICAL TERM
Topical term or geographic name as entry element Parent and child.
650 ## - SUBJECT ADDED ENTRY--TOPICAL TERM
Topical term or geographic name as entry element Parenting --
650 ## - SUBJECT ADDED ENTRY--TOPICAL TERM
Topical term or geographic name as entry element Parenting.
650 ## - SUBJECT ADDED ENTRY--TOPICAL TERM
General subdivision Religious aspects -- Christianity.
700 ## - ADDED ENTRY--PERSONAL NAME
Personal name Title.

No items available.

Raising kids with a faith that lasts participants guide /

APA

Focus on the Family, Title, .Raising kids with a faith that lasts participants guide. USA: .

Chicago

Focus on the Family, Title, .Raising kids with a faith that lasts participants guide. USA: .

Harvard

Focus on the Family, Title, .Raising kids with a faith that lasts participants guide. USA: .

MLA

Focus on the Family, Title, .USA: . .

  • Print
  • Cite
  • Add to your cart (remove)
  • Save record
    BIBTEX Dublin Core MARCXML MARC (non-Unicode/MARC-8) MARC (Unicode/UTF-8) MARC (Unicode/UTF-8, Standard) MODS (XML) RIS
  • More searches
    Search for this title in:
    Other Libraries (WorldCat) Other Databases (Google Scholar) Online Stores (Bookfinder.com) Open Library (openlibrary.org)

Exporting to Dublin Core...

SOUTHVILLE LIBRARY

Southville International School and Colleges Library

1281 Tropical Ave. Cor. Luxembourg St., BF Homes International, Las Pinas City

Tel. No. 8256374 / 252358 Loc. 117/146

Powered by Koha